01570nam a2200325 i 450000500170000000700030001700800410002002000180006104000350007904100130011408400110012710000300013824500960016825000460026426400610031030000720037133600270044333700330047033800280050349000550053152002940058652100610088053400190094154500780096065000490103865000490108765000410113670000310117770000360120820220316235955.0ta210803r19972018mx a br 000 jdspa d a9789681654429 aCO-BoRNBPbspaerdacCO-BoRNBP1 aspahpol aC ORL11 aOrlev, Urid1931- eautor13aLa abuela tejedoracUri Orlev ; ilustrado por Tania Janco ; traducido por Déborah Roitman aPrimera ediciónbDécima reimpresión 1aMéxicobFondo de Cultura Económicac1997c2013c2018 a[40] páginas sin enumerarbilustraciones en blanco y negroc19 cm atextobtxt2rdacontent asin mediaciónbn2rdamedia avolumenbnc2rdacarrier aA la orilla del viento. Para los que leen bienv96 aLa abuela tejedora llega a una pequeña ciudad. Teje su casa con jardín y también teje un par de nietos. Cuando lleva a los niños de estambre a la escuela, no todos están dispuestos a quererlos como ella. Ante los prejuicios de la gente, la abuela debe tomar una medida drástica aRecomendado para un público infantil mayor de 9 años tZabta Zoreguet aIncluye datos biográficos del autor e ilustradora en la contracrátula17aCuentos infantiles polacosySiglo XX2ARMARC17aLiteratura infantil polacaySiglo XX2ARMARC17aAbuelosvCuentos infantiles 2ARMARC1 aJanco, Tania,eilustradora1 aRoitman, Déborah,etraductora